000 01037cam a22002411i 4500
003 SA-RiAUC
005 20250119132831.0
008 250118s1992 sy g 000k0 ara c
040 _aSA-RiAUC
_bara
_cSA-RiAUC
_erda
082 0 4 _a232
_qSA-RiAUC
090 _a232
_b ع ل ا
100 1 _aعلاء الدين، صفي الدين أبي محمد،
_d1344-1418 هجري
_eمؤلف.
245 1 0 _aكتاب الدرر والجواهر الغوالي من علوم الأسانيد العوالي /
_cتأليف المعتز بالله أحمد بن محمد سردار.
246 3 0 _aالدرر والجواهر الغوالي من علوم الأسانيد العوالي
264 1 _aحلب، سوريا :
_bدار القلم،
_c1992
300 _a204 صفحة ؛
_c24 سم
336 _aنص
_btxt
_2rdacontent
_3كتاب
337 _aبدون وسيط
_bn
_2rdamedia
338 _aمجلد
_bnc
_2rdacarrier
650 7 _aالحديث
_xإسناد
_2aucsh
942 _2ddc
_cBOOK
_n0
949 _aSA-JeALM
_d250118
_umohamedma123
_n1
999 _c4978
_d4978